| 000 | 01602nam0a2200361 4500 | ||
|---|---|---|---|
| 001 | RU\NLR\BIBL_A\022348803 | ||
| 005 | 20260420015640.0 | ||
| 010 |
_a978-5-16-109389-4 _bonline |
||
| 010 |
_a978-5-16-016822-7 _bprint _9500 |
||
| 021 |
_aRU _bКН-П-24-049046 _9КН-П-24-4873 |
||
| 035 | _a(NLR Aleph) 022348803 | ||
| 090 |
_a13666987 _c13666987 |
||
| 100 | _a20241010d2025 u y0rusy50 ca | ||
| 101 | 0 | _arus | |
| 102 | _aRU | ||
| 105 | _ay j 000yy | ||
| 181 | 0 |
_ai _baxxe |
|
| 182 | 0 | _an | |
| 200 | 1 |
_aОсобенности фондовых рынков экономически развитых стран _eучебное пособие _eдля направления подготовки 38.03.01 "Экономика" _fВ. М. Пищулов |
|
| 203 |
_aТекст _bвизуальный _cнепосредственный |
||
| 210 |
_aМосква _cИНФРА-М _d2025 (печ. 2024) |
||
| 215 |
_a166 с. _d22 |
||
| 225 | 1 | _aВысшее образование | |
| 300 | _aНа обороте тит. с. авт.: Пищулов В. М., д-р экон. наук, проф. | ||
| 301 | _aDOI: 10.12737/1242225 | ||
| 320 | _aБиблиогр.: с. 163 (14 назв.) и в подстроч. примеч. | ||
| 606 | 1 |
_aФондовые рынки _jУчебные издания для высших учебных заведений _92081442 _3RU\NLR\AUTH\661257422 |
|
| 686 | 1 | _aУ26(0)229.5я73 | |
| 700 | 1 |
_aПищулов _bВ. М. _gВиктор Михайлович |
|
| 942 | _cBOOK | ||
| 980 | _aNB | ||